00766 a2200169 4500003000500000005001700005040000900022082001000031100003600041245011400077260003300191300001400224505030200238538003100540650001400571651001100585Nust20170207153154.0 cNust a005.8 aIlyas, Muhammad Umar (MSIS-2) aAnalyzing the effectiveness of IEEE 802.11 wireless LAN standard's security mechanismcMuhammad Umar Ilyas  bMCS (NUST)c2006aRawalpindi axi, 84 p. aIntroduction (page-1) Anatomy of denial of service attacks (page-6) Survey of major denial of service incidents (page-22) IEEE 802.11 wireless LAN standard (page-34) Security analysis of IEEE 802.11 (page-51)Emulation of vulnerability and indict (page-65) Conclusions and future research (page-75) a Almirah No.70 Shelf No.4 aPG Thesis aMSIS-2